Piloti italiani con almeno una vittoria in Formula 1 - Statistics

Statistiche generali
  • Questo quiz è stato fatto 60 volte
  • Il punteggio medio è 7 su 15
Statistiche sulle risposte
Pilota Vittorie % Corretto
1 Alberto Ascari 13
91%
5 Giancarlo Fisichella 3
89%
3 Nino Farina 5
81%
15 Jarno Trulli 1
79%
4 Michele Alboreto 5
66%
2 Riccardo Patrese 6
64%
14 Alessandro Nannini 1
45%
6 Elio De Angelis 2
43%
13 Vittorio Brambilla 1
38%
7 Luigi Fagioli 1
30%
11 Lorenzo Bandini 1
28%
12 Ludovico Scarfiotti 1
28%
9 Luigi Musso 1
28%
8 Piero Taruffi 1
15%
10 Giancarlo Baghetti 1
9%
Nessun quiz corrispondente trovato
Distribuzione punteggi
Percentuale di utenti per punteggio
Percentile per numero di risposta
I tuoi punteggi nel tempo
Non hai fatto questo quiz